00437nam a2200157Ia 4500008004100000040001900041041001200060082002700072100002100099245005000120260002600170300001900196650002000215651002300235850002100258131103s9999 xx 000 0 und d aLoreto College aEnglish a823.91/CHRbLCBED/6290 aChristie, Agatha aCurtainbpoirot's last case cAgatha Christie aLondonbFontanac1975 a188p. c 18cm. aEnglish fiction aEnglish literature aLCBED/823.91/CHR